• 首页
  • 本馆介绍
  • 公告通知
  • 最新文献
  • 馆藏检索
  • 电子资源
  • 读者导购
  • 参考咨询
  • 我的图书馆
  • 登录
  • 详细信息显示
  • 放入我的书架
  • 预约/预借图书
  • 作者相关作品
  • 分类相关作品
  • 丛书相关作品
  • 出版社相关作品

书目信息

  • 表格格式
  • 工作单格式
  • 卡片格式
题名:
史记选讲
    
 
作者: 郑权中选讲
分册:  
出版信息: 北京   中国青年出版社  1959.11
页数: 233页
开本: 19cm
丛书名:
单 册:
中图分类: I206.2
科图分类:
主题词: 古典文学--文学研究--中国 , 古典文学--文学评论--中国
电子资源:
ISBN:
000 00558nam0 2200205 45
001 0312221749
005 20060912110219.79
010    @dCNY0.60
091    @a10009.457
100    @a20031222d1959 km y0chiy0120 ea
101    @achi
200 1  @a史记选讲@AShi Ji Xuan Jiang@f郑权中选讲@FZheng Quan Zhong Xuan Jiang
210    @a北京@c中国青年出版社@d1959.11
215    @a233页@d19cm
606 0  @a古典文学@x文学研究@y中国
606 0  @a古典文学@x文学评论@y中国
690    @aI206.2@v3
701 0  @a郑权中选讲
801    @aCN@bTSTCL@c20060912
905    @dI206.2@e1
    
    史记选讲/郑权中选讲.-北京:中国青年出版社,1959.11
    233页;19cm
    
    
    ISBN :CNY0.60
    
●
相关链接 在E读中查询图书 在五车中查询图书 在当当中查询图书 在豆瓣中查询图书


正题名:史记选讲     索取号:I206.2/1         预约/预借

序号 登录号 条形码 馆藏地/架位号 状态 备注
1 0034697   001918777   密集书库/ [索取号:I206.2/1] 在馆    
2 0034698   000668520   第二借阅区/ [索取号:I206.2/1] 在馆    
3 0034699   001612810   密集书库/ [索取号:I206.2/1] 在馆    
4 0034700   000668511   第二借阅区/ [索取号:I206.2/1] 在馆    
5 0034701   000668502   第二借阅区/ [索取号:I206.2/1] 在馆    
6 0034702   001918731   密集书库/ [索取号:I206.2/1] 在馆    
7 0034703   001612838   密集书库/ [索取号:I206.2/1] 在馆    
8 0034704   001612829   密集书库/ [索取号:I206.2/1] 在馆    
9 0034706   001612302   密集书库/ [索取号:I206.2/1] 在馆    
10 0034707   001237281   第二借阅区/ [索取号:I206.2/1] 在馆    
11 0034708   001612311   密集书库/ [索取号:I206.2/1] 在馆    
12 0034709   000668539   第二借阅区/ [索取号:I206.2/1] 在馆    
13 0034710   000668496   第二借阅区/ [索取号:I206.2/1] 在馆    
14 0034711   000668487   第二借阅区/ [索取号:I206.2/1] 在馆    
15 0066683   001918679   密集书库/ [索取号:I206.2/1] 在馆    
16 0066684   001918633   密集书库/ [索取号:I206.2/1] 在馆    
17 0066685   002036576   第二借阅区/ [索取号:I206.2/1] 在馆    
18 0066686   001740888   密集书库/ [索取号:I206.2/1] 在馆    
19 0066687   001612320   密集书库/ [索取号:I206.2/1] 在馆    
20 0066688   001918599   密集书库/ [索取号:I206.2/1] 在馆    
21 0066689   001918553   密集书库/ [索取号:I206.2/1] 在馆    
22 0066690   001918517   密集书库/ [索取号:I206.2/1] 在馆    
23 0066691   001918474   密集书库/ [索取号:I206.2/1] 在馆    
24 0066692   001918438   密集书库/ [索取号:I206.2/1] 在馆    
25 0443249   204432499   密集书库/ [索取号:I206.2/1] 在馆    
26 0443250   204432505   密集书库/ [索取号:I206.2/1] 在馆    
27 0443251   204432514   密集书库/ [索取号:I206.2/1] 在馆    
28 0473961   204739612   密集书库/ [索取号:I206.2/1] 在馆    
29 0475256   204752561   密集书库/ [索取号:I206.2/1] 在馆    
唐山师范学院图书馆 欢迎您!
大连网信软件有限公司© 版权所有